Biblioteca

Los pentecostales carismáticos : (Registro nro. 44340)

Detalles MARC
000 -LÍDER
Campo fijo de descripción fija 02021aam a2200349 i 4500
001 - NÚMERO DE CONTROL
Campo de control 768714001
003 - IDENTIFICADOR DEL NÚMERO DE CONTROL
Campo de control CO-MdFUSB
005 - FECHA Y HORA DE LA ULTIMA TRANSACCIÓN
control field 20240924164252.0
007 - CAMPO FIJO DE DESCRIPCIÓN FIJA--INFORMACIÓN GENERAL
Campo fijo de descripción fija ta
008 - ELEMENTOS DE LONGITUD FIJA -- INFORMACIÓN GENERAL
Campo fijo de descripción fija -- Información general 240919t2000 -us||||| |||| 00| 0 spa d
020 ## - NÚMERO INTERNACIONAL NORMALIZADO PARA LIBROS
Número Internacional Normalizado del libro 0-7586-0606-0
040 ## - FUENTE DE CATALOGACIÓN
Idioma de catalogación spa
Agencia que realiza la transcripción CO-MdFUSB
Agencia que realiza la modificación CO-MdFUSB
041 ## - CÓDIGO DE IDIOMA
Código de idioma para texto/pista de sonido o título separado spa
Código de idioma original eng
082 04 - NÚMERO DE CLASIFICACIÓN DECIMAL DEWEY
Número de la edición del Dewey 23
Número de clasificación 270.82
Clave de autor-Numero de item C626
100 1# - ASIENTO PRINCIPAL--NOMBRE PERSONAL
Nombre personal Clement, Arthur
Término relacionador autor
240 ## - TITULO UNIFORME
Título uniforme <a href="The Pentecostals and Charismatics: A Confessional Lutheran Evaluation ">The Pentecostals and Charismatics: A Confessional Lutheran Evaluation </a>
245 14 - TÍTULO
Título del Material Los pentecostales carismáticos :
Parte restante del título - Subtitulo desde una perspectiva histórica confesional
Mención de responsabilidad, etc. / Arthur J. Clement ; traducido por Fernando Delgadillo López
264 #1 - PRODUCCIÓN, PUBLICACIÓN, DISTRIBUCIÓN, MANUFACTURA, Y COPYRIGHT
Lugar de producción, publicación, distribución, manufactura Missouri, Estados Unidos :
Nombre del productor, publicador, distribuidor Concordia,
Fecha de producción, publicación, distribución, manufactura, o copyright [2000]
264 #4 - PRODUCCIÓN, PUBLICACIÓN, DISTRIBUCIÓN, MANUFACTURA, Y COPYRIGHT
Fecha de producción, publicación, distribución, manufactura, o copyright ©2000
300 ## - DESCRIPCIÓN FÍSICA
Extensión 230 páginas
Dimensiones ; 21 cm
336 ## - TIPO DE CONTENIDO
Término de tipo de contenido texto
Código de tipo de contenido txt
Fuente rdacontent
337 ## - TIPO DE MEDIO
Fuente rdamedia
Nombre del tipo de medio sin mediación
Código del tipo de medio n
338 ## - TIPO DE SOPORTE
Fuente rdacarrier
Nombre del tipo de soporte volumen
Código Tipo de soporte nc
500 ## - NOTA GENERAL
Nota General Incluye índice
505 ## - NOTA DE CONTENIDO
Información miscelánea Primera parte: <br/>
Título La historia del pentecostalismo: antiguo y nuevo:<br/>
Nota de contenido con formato preestablecido El fervor pentecostal antes de 1900. -- Advenimiento del pentecostalismo moderno. -- Nueva fuerza del pentecostalismo: el movimiento carismático.
Información miscelánea Segunda parte:
Título Las enseñanzas y las prácticas del Movimiento pentecostal /Carismático.<br/>
Nota de contenido con formato preestablecido Bautismo en el Espíritu Santo -- Hablar en lenguas e interpretación -- Sanidad, profecía y evangelismo de poder -- Tendencias perturbadoras en el movimiento carismático -- Falta de claridad doctrinal y ecumenismo.
Información miscelánea Tercera parte:
Título El movimiento pentecostal/ Carismático a la luz de las Escrituras:<br/>
Nota de contenido con formato preestablecido El bautismo bíblico del Espíritu -- El don de lenguas según las Escrituras -- El don de sanidad, evangelismo de poder y profecía -- Los dones del Espíritu Santo -- Gran atractivo y errores doctrinales -- Sólo hay un Pentecostés
563 ## - NOTA DE ENCUADERNACIÓN
Nota de encuadernación Rústica
650 #0 - ASIENTO SECUNDARIO DE MATERIA - TERMINO TEMÁTICO
Término temático o nombre geográfico como elemento de entrada Pentecostalismo
9 (RLIN) 142
650 #0 - ASIENTO SECUNDARIO DE MATERIA - TERMINO TEMÁTICO
Término temático o nombre geográfico como elemento de entrada Cristianismo
Subdivisión general Historia
Subdivisión cronológica Siglo XIX
9 (RLIN) 1231
700 ## - ASIENTO SECUNDARIO - NOMBRE PERSONAL
Nombre personal Delgadillo López, Fernando,
9 (RLIN) 10726
Responsabilidad traductor
942 ## - TIPO DE MATERIAL (KOHA)
Tipo de Item KOHA Libros General
945 ## - INFORMACIÓN LOCAL DEL REGISTRO
Catalogador Catherine Arias Alvarez
Existencias
Estado de Material Estado de Perdido Forma de Clasificación Estado de Dañado No para Préstamo Colección Tomo Biblioteca de Origen Biblioteca Permanente Fecha de Adquisición Área Total de Préstamos Total de Renovaciones Signatura Topográfica Código de Barras Última vez visto Última vez Préstado Ejemplar/Existencia Fecha de Remplazo Tipo de Material Volumen-Parte/Tomo
    Dewey Decimal Classification     Colección General   Biblioteca FUSBC Biblioteca FUSBC 19/10/2012 HISTORIA DEL CRISTIANISMO 10 2 G 270.82 C626p 17470 09/02/2022 17/01/2022 Ej. 1 26/01/2016 Libros General  
    Dewey Decimal Classification     Colección General   Biblioteca FUSBC Biblioteca FUSBC 19/10/2012       G 270.82 C626p 25029 19/09/2024   Ej. 2 26/01/2016 Libros General  

Biblioteca FUSBC | Teléfono: (57+4) 349 88 10 Ext. 141| WhatsApp (+57) 3005338115 
E-mail: biblioteca@unisbc.edu.co | Calle 76 87-14 Robledo Palenque, Medellín, Colombia

Con tecnología Koha